ՀՀ Գիտությունների ազգային ակադեմիայի հիմնարար գիտական գրադարան  =   Fundamental Scientific Library of NAS RA

Пространственные падежи в современном казахском литературном языке : (Record no. 537112)

MARC details
000 -LEADER
fixed length control field 00878nam a2200205 a 4500
001 - CONTROL NUMBER
control field 2032161
003 - CONTROL NUMBER IDENTIFIER
control field AM-YEHGA
005 - DATE AND TIME OF LATEST TRANSACTION
control field 20251107101952.0
008 - FIXED-LENGTH DATA ELEMENTS--GENERAL INFORMATION
fixed length control field 250919s1956 ru ||||frm||||||||0|rus|d
040 ## - CATALOGING SOURCE
Original cataloging agency AM-YEHGA
041 0# - LANGUAGE CODE
Language code of text/sound track or separate title rus
100 1# - MAIN ENTRY--PERSONAL NAME
Personal name Жигжанова, Лидия Георгиевна
245 10 - TITLE STATEMENT
Title Пространственные падежи в современном казахском литературном языке :
Remainder of title Автореферат дис. на соискание ученой степени кандидата филологических наук /
Statement of responsibility, etc. Л.Г. Жигжанова.
260 ## - PUBLICATION, DISTRIBUTION, ETC.
Place of publication, distribution, etc. Москва :
Name of publisher, distributor, etc. Б. и.,
Date of publication, distribution, etc. 1956.
300 ## - PHYSICAL DESCRIPTION
Extent 23 с.
502 ## - DISSERTATION NOTE
Name of granting institution Ин-т языкознания Академии наук СССР
650 14 - SUBJECT ADDED ENTRY--TOPICAL TERM
Topical term or geographic name entry element Филологические науки
655 #4 - INDEX TERM--GENRE/FORM
Genre/form data or focus term Սեղմագրեր
942 ## - ADDED ENTRY ELEMENTS (KOHA)
Source of classification or shelving scheme Universal Decimal Classification
Koha item type Ատենախոսություններ / Dissertations
Holdings
Withdrawn status Lost status Damaged status Not for loan Collection Home library Current library Date acquired Total checkouts Full call number Barcode Date last seen Price effective from Koha item type Public note
        Kusikian Individual Collection Fundamental Scientific Library Fundamental Scientific Library 19/09/2025   Кус/4082 FL0694460 19/09/2025 08/10/2025 Ատենախոսություններ / Dissertations ILL Non-Circ.


ՀՀ ԳԱԱ հիմնարար գիտական գրադարան
ՀՀ,Երևան 0019
Մարշալ Բաղրամյան 24/6
հեռախոս:(374-10) 52-47-50
Հետադարձ կապ

All site content, except where otherwise noted, is licensed under a
Creative Commons License